• 首页
  • 本馆介绍
  • 公告通知
  • 最新文献
  • 馆藏检索
  • 电子资源
  • 读者导购
  • 参考咨询
  • 我的图书馆
  • 登录
  • 详细信息显示
  • 放入我的书架
  • 预约/预借图书
  • 作者相关作品
  • 分类相关作品
  • 丛书相关作品
  • 出版社相关作品

书目信息

  • 表格格式
  • 工作单格式
  • 卡片格式
题名:
计量地理学
    
 
作者: 徐建华 著
分册:  
出版信息: 北京   高等教育出版社  2006
页数: 308页
开本: 23cm
丛书名:
单 册:
中图分类: P91
科图分类:
主题词: 计量地理学--高等学校--教材
电子资源:
ISBN: 7-04-017803-6
000 00797nam0 2200241 450
001 1540403695
005 20150118111348.54
010    @a7-04-017803-6@dCNY33.10
100    @a20070327d2006 em y0chiy50 ea
101 0  @achi
102    @aCN@b110000
105    @ay z 000yy
200 1  @a计量地理学@9ji liang di li xue@f徐建华[著]
210    @a北京@c高等教育出版社@d2006
215    @a308页@d23cm@e1光盘
300    @a高等学校教材 地学系列新教材
307    @a附光盘:ISBN 7-89489-111-8
330    @a本书简单地概述了计量地理学的来龙去脉、发展动态、方法体系和应用方面;对计量地理学研究中最为基础的地理数据及其采集与预处理方法做了介绍。
606 0  @a计量地理学@x高等学校@j教材
690    @aP91@v5
701  0 @a徐建华@9xu jian hua@4著
801  0 @aCN@bTSSF@c20150118
905    @aZUCC@dP91@eJY24
    
    计量地理学/徐建华[著].-北京:高等教育出版社,2006
    308页;23cm+1光盘
    高等学校教材 地学系列新教材
    
    ISBN 7-04-017803-6:CNY33.10
    本书简单地概述了计量地理学的来龙去脉、发展动态、方法体系和应用方面;对计量地理学研究中最为基础的地理数据及其采集与预处理方法做了介绍。
●
相关链接 在E读中查询图书 在五车中查询图书 在当当中查询图书 在豆瓣中查询图书


正题名:计量地理学     索取号:P91/JY24         预约/预借

序号 登录号 条形码 馆藏地/架位号 状态 备注
1 7853460   278534604   学院路分馆/ [索取号:P91/JY24] 在馆    
2 7853461   278534613   学院路分馆/ [索取号:P91/JY24] 在馆    
唐山师范学院图书馆 欢迎您!
大连网信软件有限公司© 版权所有